Normal view
MARC view
- Pastida, May- ann
Entry Personal Name
001 - CONTROL NUMBER
- control field: 34964
003 - CONTROL NUMBER IDENTIFIER
- control field: OSt
005 - DATE AND TIME OF LATEST TRANSACTION
- control field: 20190124101117.0
008 - FIXED-LENGTH DATA ELEMENTS
- fixed length control field: 190124|| aca||aabn | a|a d
040 ## - CATALOGING SOURCE
- Original cataloging agency: OSt
- Transcribing agency: OSt
100 ## - HEADING--PERSONAL NAME
- Personal name: Pastida, May- ann
670 ## - SOURCE DATA FOUND
- Source citation: Work cat.: (OSt): Gorion, Karl Angelo 34961, Learning style and academic performance in mathematics of grade 10 students /, December 2018.
